000 00669 a2200205 4500
001 36858
005 20260407155640.0
008 260407a arg spa d
003 AR-UNSa-BCEJYS
040 _aAR-UNSa-BCEJYS
_bspa
_cAR-UNSa-BCEJYS
080 _a658.5
_xPlanificación y control de la producción
245 1 0 _aLa gerencia operativa
264 1 _aBuenos Aires :
_bEl Ateneo
300 _a3 v.
_c20 cm.
505 _aVol. I: Modelos de decisión -- Vol. II: Sistemas de producción -- Vol. III: Planeamiento y control de producción
942 _cBK
590 _aniveau_biblio:m niveau_hierar:0
100 1 _aMuth, John F.
700 1 _aGroff, Gene K.
999 _c2681
_d2681